Professional Linux deployment (Record no. 6467)

000 -LEADER
fixed length control field 00521 a2200181 4500
020 ## - INTERNATIONAL STANDARD BOOK NUMBER
International Standard Book Number 1861002874
040 ## - CATALOGING SOURCE
Original cataloging agency DLC
082 00 - DEWEY DECIMAL CLASSIFICATION NUMBER
Classification number 005.4/4769
245 00 - TITLE STATEMENT
Title Professional Linux deployment
Statement of responsibility, etc. Mike Banahan
246 3# - VARYING FORM OF TITLE
Title proper/short title Linux deployment
260 ## - PUBLICATION, DISTRIBUTION, ETC.
Place of publication, distribution, etc. Birmingham, UK :
Name of publisher, distributor, etc. Wrox Press,
Date of publication, distribution, etc. c2000.
300 ## - PHYSICAL DESCRIPTION
Extent xvii, 653 p. :
Other physical details ill. ;
Dimensions 24 cm.
500 ## - GENERAL NOTE
General note "Programmer to programmer"--Cover.
500 ## - GENERAL NOTE
General note Includes index.
650 #0 - SUBJECT ADDED ENTRY--TOPICAL TERM
Topical term or geographic name entry element Operating systems (Computers)
700 1# - ADDED ENTRY--PERSONAL NAME
Personal name Banahan, Mike.
942 ## - ADDED ENTRY ELEMENTS (KOHA)
Koha item type Book
Call number prefix 005.4469 BAN
Source of classification or shelving scheme
Holdings
Withdrawn status Lost status Damaged status Not for loan Collection code Permanent Location Current Location Shelving location Date acquired Source of acquisition Cost, normal purchase price Total Checkouts Full call number Barcode Date last seen Price effective from Koha item type
          Central Library (CL) Central Library (CL) First Floor - Operating System/ Data Structure 05/12/2003 NIMS Photocopier 702.00   005.4469 BAN SEECS003411 11/14/2012 01/05/2017 Book
          Central Library (CL) Central Library (CL) First Floor - Operating System/ Data Structure 05/12/2003 NIMS Photocopier 702.00   005.4469 BAN SEECS003412 11/14/2012 01/05/2017 Book
          Central Library (CL) Central Library (CL) First Floor - Operating System/ Data Structure 05/12/2003 NIMS Photocopier 702.00   005.4469 BAN SEECS003413 11/14/2012 01/05/2017 Book
          Central Library (CL) Central Library (CL) First Floor - Operating System/ Data Structure 08/09/2002 Book Field 641.75   005.4469 BAN SEECS002230 11/14/2012 01/05/2017 Book
© 2023 Central Library, National University of Sciences and Technology. All Rights Reserved.